000
00350nam a2200133Ia 4500
008
151001s9999||||xx |||||||||||||| ||und||
100
_a
ग रा टिकेकर
245
_a
टारझन
250
_a
4
260
_b
उत्कर्ष प्रकाशन पुणे
260
_c
2007
300
_a
96
365
_b
18
999
_c
991449
_d
991446